USA sto dní Sovietsky odborník o americkej zahraničnej politike

Bibliographic Details
Main Author: Arbatov, Georgij (Author)
Format: Article
Language:Slovak
Subjects:

MARC

LEADER 00000nab a2200000 a 4500
001 vtls000087287
003 SK-MaSNL
005 20260304052119.0
008 111103c1981 xo 0 slo
015 |a SNBRB19rr/mm-uuuuu 
035 |a CL0097390 
040 |a SNKBUCL  |b slo  |c SNKBUCL  |e AACR2 
041 0 |a slo 
044 |a xo  |c SK 
080 |a 327(100-12)(73)  |2 1981 
100 1 |a Arbatov, Georgij  |4 aut  |9 936383 
245 1 0 |a USA sto dní  |b Sovietsky odborník o americkej zahraničnej politike  |c Georgij Arbatov 
650 0 7 |a zahraničná politika  |2 snkbucl  |9 971 
651 7 |a Spojené štáty americké  |2 snkbucl  |9 18262 
655 7 |a články z novín a časopisov  |2 snkbucl  |9 267496 
773 0 |t Nové slovo  |g Roč. 23, č. 20 (1981), s. 11 
850 |a Slovenská národná knižnica v Martine  |a MTA001 
852 |a SNK  |b KIS3GCP 
958 |a RK 
992 |a RBX 
999 |c 2706513  |d 2708443